000 00529nam a2200181Ia 4500
001 24806
005 20260414151108.0
008 260414t1995||||xx |||||||||||||| ||spa||
041 _aESP
082 _a346
_bC34 1995
100 _aCastillo Freyre, Mario
_eAUT
245 0 _aEl bien materia del contrato de compraventa :
_bestudio del capítulo segundo del contrato de compraventa en el código civil
260 _c1995
300 _a489 páginas :
_c20 cm.
650 _aDER
654 _aCDE
942 _cLIB
_dJUS
_fJUS
_2ddc
_n
999 _c24806
_d24806